000 00450nam a2200193Ia 4500
008 210210b2010 xxu||||| |||| 00| 0 eng d
020 _a8121924588
041 _aeng
082 _a658 GUPP
100 _aGUPTA (R N)
245 _aPrinciples of management
260 _aNew Delhi
_bS. Chand & Co. Ltd.
_c2010
300 _axii,436
650 _aPrinciples
650 _aof
650 _amanagement
690 _aManagement
906 _a067360
999 _c149686
_d149686